=LDR 00000nam 2200000 4500 =001 INLIS000000000046944 =005 20150611141430.0 =006 =007 =008 =020 ##$$a 979-963-791 =035 ##$$0010-061500000000033 =040 ##$$a Ind =082 ##$$a 813 =090 ##$$a 813$bRah p =100 ##$$a Rahman, Abdul dul =245 ##$$a Pohon-pohon rindu$cDul abdul rahman =250 ##$$a Cet.1 =260 ##$$a Jogjakarta$bDiva press$c2009. =300 ##$$a 349 Hlm$c20 cm =850 ##$$a NBPDMAT =990 ##$$a 2090100438/BPAP-NTB/2015 =990 ##$$a 0202/BPAP-NTB/2016